000 00498nam a22001817a 4500
005 20240405122240.0
010 _aENG-140006
020 _a9788194405733
_c300.00
035 _aEN-123538
037 _bDBAD/PUB
082 _a881
100 _aJena,Bidyut Bhusan
_964325
245 _aPages/
_cby Bidyut Bhusan Jena
260 _aKolkata
_bWriters Workshop
_c2019
270 _aC-532,Lake Garden
_bKolkata
_e700045
300 _a102p.
_c22(Hb)
942 _cEN
_h881
_2ddc
_mJEN
999 _c201872
_d201872